000 00408nam a2200157Ia 4500
008 240729s9999 xx 000 0 und d
022 _a2399-6528
245 0 _aJournal of Physics Communications
260 _aUnited Kingdom
260 _bIOP Publishing
650 _a Physics
650 _aScience
856 _uhttps://doaj.org/toc/f2936121500f4a849f49571f17312206
942 _2ddc
942 _cDOAJEJ
999 _c73658
_d73658
945 _a1
_bMadushi Gamage
_c1
_dMadushi Gamage